Ngân hàng câu hỏi trắc nghiệm kế toán tài chính doanh nghiệp
Cung cấp những kiến thức cơ bản về kế toán tài chính doanh nghiệp. Nguyên tắc nội dung các phương pháp hạch toán: Hạch toán tài sản, hạch toán nguyên vật liệu, hạch toán chi phí sản xuất, hạch toán tiền, báo cáo tài chính...
Bewaard in:
| Hoofdauteur: | |
|---|---|
| Formaat: | Boek |
| Taal: | Undetermined |
| Gepubliceerd in: |
Hà Nội
Tài chính
2010
|
| Onderwerpen: | |
| Tags: |
Voeg label toe
Geen labels, Wees de eerste die dit record labelt!
|
| Thư viện lưu trữ: | Trung tâm Học liệu Trường Đại học Cần Thơ |
|---|
| LEADER | 01069nam a2200205Ia 4500 | ||
|---|---|---|---|
| 001 | CTU_154085 | ||
| 008 | 210402s9999 xx 000 0 und d | ||
| 020 | |c 63000 | ||
| 082 | |a 657.046 | ||
| 082 | |b L305 | ||
| 100 | |a Trần, Quý Liên | ||
| 245 | 0 | |a Ngân hàng câu hỏi trắc nghiệm kế toán tài chính doanh nghiệp | |
| 245 | 0 | |c Trần Quý Liên, Trần Văn Thuận, Phạm Thành Long | |
| 260 | |a Hà Nội | ||
| 260 | |b Tài chính | ||
| 260 | |c 2010 | ||
| 520 | |a Cung cấp những kiến thức cơ bản về kế toán tài chính doanh nghiệp. Nguyên tắc nội dung các phương pháp hạch toán: Hạch toán tài sản, hạch toán nguyên vật liệu, hạch toán chi phí sản xuất, hạch toán tiền, báo cáo tài chính | ||
| 650 | |a Accounting,Managerial accounting,Tax accounting,Kế toán,Quản trị kế toán,Kế toán thuế | ||
| 904 | |i Trọng Hải | ||
| 980 | |a Trung tâm Học liệu Trường Đại học Cần Thơ | ||